[Event "Almansa 2014 - Torneo A"]
[Site "Almansa ESP"]
[Date "2014.08.05"]
[Round "1.1"]
[White "Cano Gimenez, Vicente"]
[Black "Martinez Ayesa, Aitor"]
[Result "1/2-1/2"]
[WhiteElo "2290"]
[BlackElo "2047"]
[PlyCount "76"]
[EventDate "2014.08.05"]
[EventType "swiss"]
[EventRounds "9"]
[EventCountry "ESP"]
[Source "lmi"]
[SourceDate "2014.08.05"]

1. Nf3 c5 2. g3 Nc6 3. c4 g6 4. Bg2 Bg7 5. Nc3 d6 6. O-O e5 7. d3 Nge7 8. Rb1
O-O 9. Ne1 Be6 10. Nc2 Qd7 11. b4 Rab8 12. Bg5 h6 13. Bd2 b6 14. b5 Nd4 15. Ne3
Bh3 16. Ned5 Bxg2 17. Kxg2 f5 18. Nxe7+ Qxe7 19. Nd5 Qd7 20. f4 Rbe8 21. e3 Ne6
22. Bc3 Nc7 23. Nxc7 Qxc7 24. e4 Qb7 25. fxe5 fxe4 26. Kg1 Bxe5 27. Rxf8+ Rxf8
28. Bxe5 dxe5 29. Qg4 Kg7 30. dxe4 Qf7 31. Qe2 Rd8 32. Rf1 Qe7 33. a4 Rd4 34.
Qc2 Qe6 35. Qf2 Qe7 36. Qe2 Qe6 37. Qf3 Qe7 38. Qe2 Qe6 1/2-1/2

[Event "Almansa 2014 - Torneo A"]
[Site "Almansa ESP"]
[Date "2014.08.05"]
[Round "1.2"]
[White "Leon Acosta, Miguel"]
[Black "Fernandez Barrera, Victor"]
[Result "1-0"]
[WhiteElo "2047"]
[BlackElo "2284"]
[PlyCount "83"]
[EventDate "2014.08.05"]
[EventType "swiss"]
[EventRounds "9"]
[EventCountry "ESP"]
[Source "lmi"]
[SourceDate "2014.08.05"]

1. b4 d5 2. Bb2 c6 3. e3 Nf6 4. c4 e6 5. b5 Be7 6. Nf3 O-O 7. a4 Nbd7 8. Be2 a6
9. Nc3 e5 10. d4 Bd6 11. O-O exd4 12. Nxd4 Ne5 13. cxd5 cxd5 14. Ba3 Ne4 15.
Qc2 Bxa3 16. Rxa3 Qd6 17. Raa1 Nxc3 18. Qxc3 Bd7 19. Qb3 Rfc8 20. Rfc1 a5 21.
Rc3 b6 22. Rac1 g6 23. f4 Ng4 24. Bxg4 Bxg4 25. Rc6 Qe7 26. Kf2 Qh4+ 27. Kg1
Bd7 28. Rxc8+ Rxc8 29. Rxc8+ Bxc8 30. Nf3 Qe7 31. Qc3 Be6 32. Ne5 Qb4 33. Qxb4
axb4 34. Nd3 d4 35. Nxb4 Bb3 36. a5 d3 37. Nxd3 bxa5 38. Nc5 a4 39. b6 Bd5 40.
e4 Bc6 41. Nxa4 g5 42. fxg5 1-0

[Event "Almansa 2014 - Torneo A"]
[Site "Almansa ESP"]
[Date "2014.08.05"]
[Round "1.3"]
[White "Serna Lara, Sergio"]
[Black "Bernabeu Lopez, Carlos Javier"]
[Result "1-0"]
[WhiteElo "2260"]
[BlackElo "2047"]
[PlyCount "73"]
[EventDate "2014.08.05"]
[EventType "swiss"]
[EventRounds "9"]
[EventCountry "ESP"]
[Source "lmi"]
[SourceDate "2014.08.05"]

1. d4 Nf6 2. c4 e6 3. Nc3 Bb4 4. Qc2 b6 5. e4 d6 6. Qa4+ Nc6 7. Qxc6+ Bd7 8.
Qb7 a5 9. e5 dxe5 10. dxe5 c6 11. exf6 Rb8 12. fxg7 Rg8 13. Bg5 Be7 14. Bxe7
Kxe7 15. Qxb8 Qxb8 16. Nf3 Rxg7 17. g3 b5 18. O-O-O Rg8 19. Bd3 h6 20. Rhe1 Rc8
21. Ne5 Be8 22. f4 a4 23. Rd2 Qa7 24. f5 a3 25. b3 Rd8 26. fxe6 fxe6 27. Kc2 b4
28. Na4 Qd4 29. Nf3 Qf6 30. Ne5 Rd4 31. Nc5 Rd6 32. Re4 Bf7 33. Rde2 Bg8 34.
Rf4 Qg5 35. Rg4 Qf6 36. Rxg8 Qf1 37. Rg7+ 1-0

[Event "Almansa 2014 - Torneo A"]
[Site "Almansa ESP"]
[Date "2014.08.05"]
[Round "1.4"]
[White "Gonzalez Pereira, Asier"]
[Black "Villasenor Rubio, Emilio Jose"]
[Result "1/2-1/2"]
[WhiteElo "2045"]
[BlackElo "2259"]
[PlyCount "60"]
[EventDate "2014.08.05"]
[EventType "swiss"]
[EventRounds "9"]
[EventCountry "ESP"]
[Source "lmi"]
[SourceDate "2014.08.05"]

1. e4 c5 2. Nf3 Nc6 3. Bb5 g6 4. Bxc6 dxc6 5. d3 Bg7 6. h3 Nf6 7. O-O O-O 8.
Nc3 Nd7 9. Be3 e5 10. Qd2 Re8 11. a3 Qe7 12. b4 cxb4 13. axb4 Qxb4 14. Rfb1 Qd6
15. Rxa7 Rxa7 16. Bxa7 Nc5 17. Qe3 Ne6 18. Ne2 h6 19. Nd2 b5 20. Qb6 Qd7 21.
Nb3 Bf6 22. Nc5 Nxc5 23. Qxc5 Bb7 24. Qc3 Ra8 25. Bc5 Bc8 26. Nc1 Qe8 27. Bd6
Qe6 28. Bb4 Qe8 29. Bd6 Qe6 30. Bb4 Qe8 1/2-1/2

[Event "Almansa 2014 - Torneo A"]
[Site "Almansa ESP"]
[Date "2014.08.05"]
[Round "1.5"]
[White "Sanchez Barbado, Carlos"]
[Black "Ledo Galan, Jose Emilio"]
[Result "1-0"]
[WhiteElo "2249"]
[BlackElo "2044"]
[PlyCount "83"]
[EventDate "2014.08.05"]
[EventType "swiss"]
[EventRounds "9"]
[EventCountry "ESP"]
[Source "lmi"]
[SourceDate "2014.08.05"]

1. e4 c5 2. Nc3 Nc6 3. f4 d6 4. Nf3 g6 5. Bb5 Bd7 6. O-O Bg7 7. d3 e6 8. Bxc6
bxc6 9. Qe1 Ne7 10. e5 d5 11. Na4 O-O 12. Nxc5 Nf5 13. d4 Bc8 14. Bd2 Qb6 15.
Bc3 Re8 16. a4 Bf8 17. Nb3 Ba6 18. Rf2 Rab8 19. g4 Ng7 20. Qe3 Be7 21. Nfd2 h5
22. h3 Qd8 23. Nc5 Bxc5 24. dxc5 Qh4 25. Rg2 Qe7 26. Kh2 Kh7 27. Nf3 Rh8 28.
Ng5+ Kg8 29. Kg3 Kf8 30. b4 Bc4 31. Qd4 Ne8 32. Rf2 Kg7 33. Bd2 hxg4 34. hxg4
Nc7 35. f5 gxf5 36. gxf5 exf5 37. Rxf5 Ne6 38. Qg4 Kf8 39. Rxf7+ Qxf7 40. Nxf7
Kxf7 41. Qf5+ Ke7 42. Qf6+ 1-0

[Event "Almansa 2014 - Torneo A"]
[Site "Almansa ESP"]
[Date "2014.08.05"]
[Round "1.6"]
[White "Del Valle Domenech, Rafael"]
[Black "Jimenez Martinez, Jose Vicente"]
[Result "1/2-1/2"]
[WhiteElo "2044"]
[BlackElo "2247"]
[PlyCount "82"]
[EventDate "2014.08.05"]
[EventType "swiss"]
[EventRounds "9"]
[EventCountry "ESP"]
[Source "lmi"]
[SourceDate "2014.08.05"]

1. d4 g6 2. c4 Bg7 3. Nc3 d6 4. e4 Nf6 5. Be2 O-O 6. Nf3 e5 7. d5 a5 8. Bg5 h6
9. Bh4 Qe8 10. Nd2 Na6 11. O-O Nd7 12. a3 Nb6 13. b3 Bd7 14. Rb1 Nc5 15. Qc2 c6
16. b4 axb4 17. Rxb4 Nc8 18. Nb3 b6 19. dxc6 Bxc6 20. Nxc5 bxc5 21. Rb3 f5 22.
f3 fxe4 23. fxe4 Rxf1+ 24. Bxf1 g5 25. Bf2 Ne7 26. Nb5 Qg6 27. Re3 Kh7 28. Qd1
Nc8 29. Be1 Kh8 30. Nc7 Ra7 31. Nd5 h5 32. Qb1 Rb7 33. Rb3 Rxb3 34. Qxb3 Qxe4
35. Qb8 Bxd5 36. cxd5 Qxe1 37. Qxc8+ Kh7 38. Qf5+ Kh6 39. Qe6+ Kh7 40. Qf5+ Kh6
41. Qe6+ Kh7 1/2-1/2

[Event "Almansa 2014 - Torneo A"]
[Site "Almansa ESP"]
[Date "2014.08.05"]
[Round "1.7"]
[White "Pena Riasco, Alexander"]
[Black "Cubillo Munoz, Miguel"]
[Result "1/2-1/2"]
[WhiteElo "2242"]
[BlackElo "2026"]
[PlyCount "52"]
[EventDate "2014.08.05"]
[EventType "swiss"]
[EventRounds "9"]
[EventCountry "ESP"]
[Source "lmi"]
[SourceDate "2014.08.05"]

1. e4 c5 2. Nf3 g6 3. d4 cxd4 4. Nxd4 Bg7 5. Nc3 Nc6 6. Be3 Nf6 7. f3 O-O 8.
Bc4 Qb6 9. Qd2 Nxe4 10. fxe4 Bxd4 11. Bxd4 Qxd4 12. Qxd4 Nxd4 13. O-O-O Nc6 14.
Rhf1 d6 15. Rd2 Kg7 16. Nb5 Bd7 17. c3 Ne5 18. Be2 Rfc8 19. Nd4 Bc6 20. Bf3 b5
21. Kb1 Rab8 22. a3 Rb6 23. Re1 Bb7 24. Rf1 a5 25. Rc1 Rc4 26. Rcc2 Rc8 1/2-1/2

[Event "Almansa 2014 - Torneo A"]
[Site "Almansa ESP"]
[Date "2014.08.05"]
[Round "1.8"]
[White "Paya Prats, Damian"]
[Black "Mingarro Carceller, Sergi"]
[Result "0-1"]
[WhiteElo "2023"]
[BlackElo "2233"]
[PlyCount "60"]
[EventDate "2014.08.05"]
[EventType "swiss"]
[EventRounds "9"]
[EventCountry "ESP"]
[Source "lmi"]
[SourceDate "2014.08.05"]

1. d4 f5 2. e4 fxe4 3. Nc3 Nf6 4. Bg5 Nc6 5. d5 Ne5 6. Qd4 Nf7 7. Bxf6 exf6 8.
Nxe4 f5 9. Ng3 g6 10. h4 Bh6 11. h5 O-O 12. hxg6 Re8+ 13. Be2 hxg6 14. Nf3 Bg7
15. Qh4 Qxh4 16. Rxh4 Bxb2 17. Rb1 Bf6 18. Ra4 b6 19. Kf1 Bb7 20. Rd1 Nd6 21.
c4 f4 22. c5 bxc5 23. Rxf4 Kg7 24. Rg4 Rh8 25. Bd3 Rh6 26. Ng1 Bxd5 27. Bxg6
Bxg2+ 28. Kxg2 Rxg6 29. Rf4 c4 30. Kf1 Be5 0-1

[Event "Almansa 2014 - Torneo A"]
[Site "Almansa ESP"]
[Date "2014.08.05"]
[Round "1.9"]
[White "Sanchez Jerez, Emilio Miguel"]
[Black "Gines Abad, Pedro"]
[Result "0-1"]
[WhiteElo "2232"]
[BlackElo "2018"]
[PlyCount "78"]
[EventDate "2014.08.05"]
[EventType "swiss"]
[EventRounds "9"]
[EventCountry "ESP"]
[Source "lmi"]
[SourceDate "2014.08.05"]

1. d4 Nf6 2. Nc3 d5 3. Bg5 e6 4. e4 dxe4 5. Nxe4 Be7 6. Bxf6 Bxf6 7. Nf3 O-O 8.
Bd3 Nc6 9. c3 e5 10. d5 Ne7 11. Nxf6+ gxf6 12. c4 Bf5 13. Bxf5 Nxf5 14. Qc2 Qc8
15. O-O-O Ng7 16. Rhg1 Qf5 17. Qxf5 Nxf5 18. c5 Rfd8 19. g4 Ne7 20. g5 Kg7 21.
d6 cxd6 22. Rxd6 Rxd6 23. cxd6 Rc8+ 24. Kb1 Nf5 25. Rd1 Rd8 26. d7 e4 27. Nd4
Nxd4 28. gxf6+ Kxf6 29. Rxd4 Ke5 30. Ra4 Rxd7 31. Rxa7 Kf4 32. Ra3 Rd2 33. Rb3
Rxf2 34. Rxb7 f5 35. Kc1 Rxh2 36. a4 e3 37. Re7 Kf3 38. a5 Rh1+ 39. Kc2 e2 0-1

[Event "Almansa 2014 - Torneo A"]
[Site "Almansa ESP"]
[Date "2014.08.05"]
[Round "1.10"]
[White "Moreno Valero, Ivan"]
[Black "Prieto Aranguren, Alain"]
[Result "1-0"]
[WhiteElo "2011"]
[BlackElo "2223"]
[PlyCount "77"]
[EventDate "2014.08.05"]
[EventType "swiss"]
[EventRounds "9"]
[EventCountry "ESP"]
[Source "lmi"]
[SourceDate "2014.08.05"]

1. d4 Nf6 2. c4 g6 3. Nc3 Bg7 4. e4 d6 5. Nf3 O-O 6. Be2 e5 7. O-O Nc6 8. d5
Ne7 9. Ne1 Nd7 10. Bd2 f5 11. Rc1 c5 12. dxc6 bxc6 13. f3 fxe4 14. fxe4 Rxf1+
15. Kxf1 Nf6 16. Be3 Be6 17. Qa4 Ng4 18. Bxg4 Bxg4 19. c5 dxc5 20. Qc4+ Kh8 21.
Qxc5 Qc7 22. Kg1 Rf8 23. Qxa7 Qd6 24. Rc2 Qe6 25. h3 Bxh3 26. gxh3 Qxh3 27. Rf2
Rxf2 28. Bxf2 Bf6 29. a4 Qg4+ 30. Ng2 h5 31. Qe3 Kh7 32. Kh2 Qc8 33. Bh4 Ng8
34. Qa7+ Kh6 35. Qf7 Qd8 36. Bf2 Bg5 37. Bc5 Bf4+ 38. Nxf4 Qh4+ 39. Nh3 1-0

[Event "Almansa 2014 - Torneo A"]
[Site "Almansa ESP"]
[Date "2014.08.06"]
[Round "2.1"]
[White "Jimenez De La Torre, Jose A"]
[Black "Serna Lara, Sergio"]
[Result "0-1"]
[WhiteElo "2086"]
[BlackElo "2260"]
[PlyCount "130"]
[EventDate "2014.08.05"]
[EventType "swiss"]
[EventRounds "9"]
[EventCountry "ESP"]
[Source "lmi"]
[SourceDate "2014.08.05"]

1. e4 c6 2. Nc3 d5 3. Qf3 dxe4 4. Nxe4 Nd7 5. d4 Ngf6 6. Bd3 Nxe4 7. Qxe4 Nf6
8. Qh4 Qd5 9. Nf3 Bg4 10. c4 Qd6 11. O-O Bxf3 12. gxf3 g6 13. Be3 Bg7 14. Rad1
O-O 15. Rfe1 Rfe8 16. f4 e6 17. b3 a5 18. Be2 a4 19. c5 Qd8 20. Bf3 Qa5 21. Bd2
Qc7 22. b4 a3 23. Re3 Red8 24. Bc1 Nd5 25. Rb3 Ra4 26. Bxd5 Rxd5 27. Bxa3 Bxd4
28. Bb2 Qd7 29. Rxd4 Rxd4 30. Qf6 e5 31. Bxd4 exd4 32. f5 d3 33. Qd6 Qxf5 34.
Qxd3 Qxd3 35. Rxd3 Rxb4 36. Rd7 Kg7 37. Rc7 Kf6 38. a3 Rb1+ 39. Kg2 Ke6 40. a4
h5 41. a5 Ra1 42. Rxb7 Rxa5 43. Rb2 Rxc5 44. f4 Rc3 45. Re2+ Kf5 46. h3 f6 47.
Rf2 h4 48. Kh2 c5 49. Kg2 Rc4 50. Rd2 Kxf4 51. Rd6 Rc2+ 52. Kf1 Kg5 53. Ke1 c4
54. Rd4 f5 55. Kd1 Rc3 56. Ke2 Rxh3 57. Rxc4 Rg3 58. Kf2 Rg4 59. Rc8 h3 60. Rc1
h2 61. Rh1 Rh4 62. Kg3 f4+ 63. Kf3 Rh3+ 64. Kg2 Kg4 65. Kf2 Ra3 0-1

[Event "Almansa 2014 - Torneo A"]
[Site "Almansa ESP"]
[Date "2014.08.06"]
[Round "2.2"]
[White "Garcia Gata, Jorge D"]
[Black "Sanchez Barbado, Carlos"]
[Result "0-1"]
[WhiteElo "2054"]
[BlackElo "2249"]
[PlyCount "60"]
[EventDate "2014.08.05"]
[EventType "swiss"]
[EventRounds "9"]
[EventCountry "ESP"]
[Source "lmi"]
[SourceDate "2014.08.05"]

1. d4 f5 2. Nc3 d5 3. Bg5 c6 4. e3 Be6 5. Bd3 Nd7 6. Qf3 g6 7. h4 Ngf6 8. Nge2
Bf7 9. Bxf6 Nxf6 10. Ng3 Ne4 11. h5 Bg7 12. hxg6 hxg6 13. Rxh8+ Bxh8 14. Qf4
Qd6 15. Qxd6 Nxd6 16. f4 Nc4 17. Bxc4 dxc4 18. Nge2 b5 19. O-O-O Bf6 20. Ng1
O-O-O 21. Nf3 Rh8 22. Ne5 Bxe5 23. dxe5 Rh2 24. Rg1 b4 25. Ne2 Bd5 26. Kd2 Bxg2
27. Ke1 c5 28. Nc1 Be4 29. Ne2 Bf3 30. Nc1 Rxc2 0-1

[Event "Almansa 2014 - Torneo A"]
[Site "Almansa ESP"]
[Date "2014.08.06"]
[Round "2.3"]
[White "Mingarro Carceller, Sergi"]
[Black "Martin Rodriguez, Emilio"]
[Result "1-0"]
[WhiteElo "2233"]
[BlackElo "2087"]
[PlyCount "69"]
[EventDate "2014.08.05"]
[EventType "swiss"]
[EventRounds "9"]
[EventCountry "ESP"]
[Source "lmi"]
[SourceDate "2014.08.05"]

1. d4 d5 2. c4 c6 3. cxd5 cxd5 4. Bf4 Nc6 5. e3 Nf6 6. Nc3 e6 7. Bd3 Bd6 8.
Bxd6 Qxd6 9. f4 g6 10. Nf3 Ng4 11. Qd2 f5 12. h3 Nf6 13. Ne5 Ne4 14. Bxe4 fxe4
15. Nb5 Qd8 16. Nxc6 bxc6 17. Nc3 Qh4+ 18. Qf2 Qe7 19. O-O c5 20. dxc5 Qxc5 21.
Rfc1 Qe7 22. Nb5 O-O 23. Rc7 Bd7 24. Nxa7 Qd6 25. Rac1 e5 26. Qh4 exf4 27. Nb5
Qe6 28. Rxd7 Qxd7 29. Rc7 Qxc7 30. Nxc7 Rac8 31. Nxd5 Rc1+ 32. Kh2 f3 33. Nf6+
Kg7 34. Nxe4 Rc2 35. Nf2 1-0

[Event "Almansa 2014 - Torneo A"]
[Site "Almansa ESP"]
[Date "2014.08.06"]
[Round "2.4"]
[White "Romero Berruezo, Francisco"]
[Black "Vazquez Gonzalez, Jesus"]
[Result "1-0"]
[WhiteElo "2211"]
[BlackElo "2059"]
[PlyCount "125"]
[EventDate "2014.08.05"]
[EventType "swiss"]
[EventRounds "9"]
[EventCountry "ESP"]
[Source "lmi"]
[SourceDate "2014.08.05"]

1. c4 g6 2. e4 Bg7 3. d4 c5 4. Nf3 d6 5. d5 e5 6. Nc3 Ne7 7. Bg5 f6 8. Be3 O-O
9. Nd2 f5 10. f3 Nd7 11. Be2 Nf6 12. a3 h6 13. b4 b6 14. Rb1 Nh5 15. g3 g5 16.
Bf2 Ng6 17. exf5 Bxf5 18. g4 Bxb1 19. gxh5 Bf5 20. hxg6 Bxg6 21. Nde4 Qd7 22.
Be3 Qe7 23. Kd2 Rfc8 24. Qg1 cxb4 25. axb4 Bxe4 26. Nxe4 a5 27. b5 a4 28. h4
gxh4 29. Qg4 a3 30. Bxh6 a2 31. Bg5 Qa7 32. Nf6+ Bxf6 33. Bxf6+ Kf8 34. Rxh4
Qa5+ 35. Kd3 Qc3+ 36. Kxc3 a1=Q+ 37. Kd2 Ra2+ 38. Ke3 Qc3+ 39. Kf2 Qd4+ 40.
Qxd4 exd4 41. Rh8+ Kf7 42. Bxd4 Rxc4 43. Rh4 Rb4 44. Rf4+ Ke8 45. Re4+ Kd7 46.
Ke3 Rb3+ 47. Kf4 Rb1 48. Bxb6 Rxe2 49. Rxe2 Rxb5 50. Bd4 Rxd5 51. Ke4 Rh5 52.
f4 Ke6 53. Ra2 d5+ 54. Kf3 Kf5 55. Bf2 Rh3+ 56. Bg3 Rh1 57. Re2 Rd1 58. Re5+
Kf6 59. Kg4 d4 60. Bh4+ Kf7 61. Kf5 d3 62. Rd5 d2 63. Bf2 1-0

[Event "Almansa 2014 - Torneo A"]
[Site "Almansa ESP"]
[Date "2014.08.06"]
[Round "2.5"]
[White "Gines Abad, Pedro"]
[Black "Martinez Lopez, David"]
[Result "0-1"]
[WhiteElo "2018"]
[BlackElo "2209"]
[PlyCount "92"]
[EventDate "2014.08.05"]
[EventType "swiss"]
[EventRounds "9"]
[EventCountry "ESP"]
[Source "lmi"]
[SourceDate "2014.08.05"]

1. d4 e6 2. Nf3 Nf6 3. c4 b6 4. Nc3 Bb7 5. Qc2 Bb4 6. a3 Bxc3+ 7. Qxc3 O-O 8.
Nd2 c5 9. dxc5 bxc5 10. b4 Qe7 11. Bb2 Na6 12. b5 Nc7 13. a4 d5 14. Ba3 Rfc8
15. f3 e5 16. e4 dxe4 17. O-O-O exf3 18. gxf3 Nd7 19. Ne4 Bxe4 20. fxe4 Ne6 21.
Bh3 Nd4 22. Qe3 Rc7 23. Rhg1 Nf8 24. Bf5 Ng6 25. Rg5 Nf4 26. Rg4 Qf6 27. Bb2 h5
28. Rxf4 exf4 29. Bxd4 cxd4 30. Qxd4 Qxd4 31. Rxd4 g6 32. Bh3 Kf8 33. Kb2 Ke7
34. Kb3 Rd8 35. Rxd8 Kxd8 36. a5 g5 37. Kb4 g4 38. Bf1 Rd7 39. b6 axb6 40. axb6
Rd1 41. Be2 Rd2 42. Bf1 g3 43. hxg3 fxg3 44. c5 g2 45. Bxg2 Rxg2 46. c6 Rg5 0-1

[Event "Almansa 2014 - Torneo A"]
[Site "Almansa ESP"]
[Date "2014.08.06"]
[Round "2.6"]
[White "Remolar Gallen, Jose"]
[Black "Leon Acosta, Miguel"]
[Result "1-0"]
[WhiteElo "2208"]
[BlackElo "2047"]
[PlyCount "35"]
[EventDate "2014.08.05"]
[EventType "swiss"]
[EventRounds "9"]
[EventCountry "ESP"]
[Source "lmi"]
[SourceDate "2014.08.05"]

1. e4 Nc6 2. Nf3 d6 3. d4 Nf6 4. Nc3 Bg4 5. Be3 a6 6. h3 Bh5 7. g4 Bg6 8. d5
Ne5 9. Nd2 b5 10. a3 c5 11. f4 b4 12. axb4 cxb4 13. fxe5 bxc3 14. exf6 cxd2+
15. Qxd2 Bxe4 16. Rxa6 Rb8 17. Bb6 Rxb6 18. Qa5 1-0

[Event "Almansa 2014 - Torneo A"]
[Site "Almansa ESP"]
[Date "2014.08.06"]
[Round "2.7"]
[White "Lopez Mulet, Inigo"]
[Black "Moreno Valero, Ivan"]
[Result "1-0"]
[WhiteElo "2193"]
[BlackElo "2011"]
[PlyCount "67"]
[EventDate "2014.08.05"]
[EventType "swiss"]
[EventRounds "9"]
[EventCountry "ESP"]
[Source "lmi"]
[SourceDate "2014.08.05"]

1. d4 d5 2. c4 e6 3. Nf3 Nf6 4. g3 Be7 5. Bg2 dxc4 6. Qa4+ Bd7 7. Qxc4 Bc6 8.
Nc3 O-O 9. O-O a6 10. Qd3 b5 11. a3 Bb7 12. b4 Nbd7 13. e4 Nb6 14. e5 Nfd5 15.
Ne4 h6 16. g4 Nc4 17. g5 h5 18. Nh4 a5 19. bxa5 Rxa5 20. f4 Nb4 21. Qd1 g6 22.
Nf6+ Bxf6 23. Bxb7 Be7 24. Be4 Qd7 25. f5 exf5 26. Nxf5 c5 27. d5 Qd8 28. Nh6+
Kg7 29. h4 Na6 30. d6 Nxd6 31. exd6 Bxd6 32. Bb2+ Kh7 33. Nxf7 Qe7 34. Qxh5+
1-0

[Event "Almansa 2014 - Torneo A"]
[Site "Almansa ESP"]
[Date "2014.08.06"]
[Round "2.8"]
[White "Garcia Ramos, Marcos"]
[Black "Lopez Escribano, Oscar"]
[Result "1-0"]
[WhiteElo "2141"]
[BlackElo "1760"]
[PlyCount "125"]
[EventDate "2014.08.05"]
[EventType "swiss"]
[EventRounds "9"]
[EventCountry "ESP"]
[Source "lmi"]
[SourceDate "2014.08.05"]

1. e4 e5 2. Nf3 Nf6 3. Nxe5 d6 4. Nf3 Nxe4 5. c4 Nc6 6. Nc3 Nxc3 7. dxc3 Bg4 8.
Be2 Be7 9. O-O O-O 10. Re1 Bf6 11. Be3 b6 12. h3 Bd7 13. Qd2 Re8 14. Rad1 Ne7
15. Bf4 Ng6 16. Bg3 Nh4 17. Nxh4 Bxh4 18. Bf3 Rb8 19. Rxe8+ Bxe8 20. Bf4 Bd7
21. g3 Bf6 22. h4 Be6 23. b3 a5 24. a4 Qd7 25. Re1 Re8 26. Be4 Rd8 27. Qd3 h6
28. Kh2 Kf8 29. Rd1 Re8 30. Rd2 Qe7 31. Bc6 Bd7 32. Qh7 g5 33. Bxd7 gxf4 34.
Bxe8 fxg3+ 35. fxg3 Kxe8 36. Qxh6 Bxc3 37. Rg2 Be5 38. Kh3 Qd7+ 39. g4 Qc6 40.
Qe3 f6 41. h5 Qd7 42. Qe4 Qg7 43. Qg6+ Qxg6 44. hxg6 Kf8 45. Kh4 Kg7 46. Kh5 c6
47. Rf2 d5 48. cxd5 cxd5 49. Rf5 d4 50. g5 d3 51. gxf6+ Bxf6 52. Rd5 Be7 53.
Rxd3 Bc5 54. Rd7+ Kg8 55. Kg4 Ba3 56. Kf5 Bc1 57. Ke6 Bg5 58. Kd5 Be3 59. Kc6
Bc5 60. Rb7 Bb4 61. Kxb6 Bc3 62. Kb5 Be1 63. Ra7 1-0

[Event "Almansa 2014 - Torneo A"]
[Site "Almansa ESP"]
[Date "2014.08.06"]
[Round "2.9"]
[White "Fernandez Alvarez, Luis"]
[Black "Vilanova Corbi, Jorge"]
[Result "1/2-1/2"]
[WhiteElo "1884"]
[BlackElo "2137"]
[PlyCount "51"]
[EventDate "2014.08.05"]
[EventType "swiss"]
[EventRounds "9"]
[EventCountry "ESP"]
[Source "lmi"]
[SourceDate "2014.08.05"]

1. e4 e6 2. d4 d5 3. Nc3 Bb4 4. e5 c5 5. Bd2 Nc6 6. Nb5 Bxd2+ 7. Qxd2 Nxd4 8.
Nxd4 cxd4 9. f4 Ne7 10. Nf3 Nc6 11. O-O-O Qb6 12. Nxd4 Bd7 13. Kb1 O-O 14. g4
Nxd4 15. Qxd4 Qxd4 16. Rxd4 f6 17. exf6 Rxf6 18. Bg2 Raf8 19. f5 exf5 20. Bxd5+
Be6 21. Bxe6+ Rxe6 22. gxf5 Rxf5 23. Rd7 Rf7 24. Rd8+ Rf8 25. Rd7 Rf7 26. Rd8+
1/2-1/2

[Event "Almansa 2014 - Torneo A"]
[Site "Almansa ESP"]
[Date "2014.08.06"]
[Round "2.10"]
[White "Galindo Montoya, Diego"]
[Black "Nieves Cabanes, Jose Manuel"]
[Result "0-1"]
[WhiteElo "1784"]
[BlackElo "2091"]
[PlyCount "110"]
[EventDate "2014.08.05"]
[EventType "swiss"]
[EventRounds "9"]
[EventCountry "ESP"]
[Source "lmi"]
[SourceDate "2014.08.05"]

1. c4 e5 2. Nc3 Nc6 3. g3 f5 4. Bg2 Nf6 5. e3 d5 6. Nxd5 Nxd5 7. cxd5 Nb4 8. d3
Nxd5 9. Nf3 Bd6 10. O-O c6 11. e4 fxe4 12. dxe4 Nf6 13. Nh4 O-O 14. Qb3+ Kh8
15. Bg5 Qe8 16. h3 Bc5 17. Be3 Bxe3 18. Qxe3 Qh5 19. Bf3 Qf7 20. Bg2 Nh5 21.
Qg5 Be6 22. b3 Rae8 23. Rad1 a5 24. Nf5 Bxf5 25. Qxf5 Nf6 26. Rd2 Qe7 27. Qg5
Qb4 28. Qe3 a4 29. bxa4 Qxa4 30. g4 Rd8 31. Rxd8 Rxd8 32. Qc3 Rd4 33. Qc5 Nd7
34. Qe7 Qxa2 35. g5 Qg8 36. Ra1 Qf8 37. Qe6 Rd2 38. f3 Nc5 39. Qxe5 Rd8 40. Qc7
Rc8 41. Qe5 Nd3 42. Qc3 Nf4 43. Qe5 c5 44. Ra7 c4 45. Rxb7 c3 46. Rc7 Ne2+ 47.
Kf2 c2 48. Kxe2 c1=Q 49. Rxc1 Rxc1 50. Kf2 Rc5 51. Qd4 Rxg5 52. Bf1 Rc5 53. Bd3
Rc8 54. Bc4 Qb4 55. Qd7 Qxc4 0-1

[Event "Almansa 2014 - Torneo A"]
[Site "Almansa ESP"]
[Date "2014.08.06"]
[Round "3.1"]
[White "Serna Lara, Sergio"]
[Black "Remolar Gallen, Jose"]
[Result "0-1"]
[WhiteElo "2260"]
[BlackElo "2208"]
[PlyCount "74"]
[EventDate "2014.08.05"]
[EventType "swiss"]
[EventRounds "9"]
[EventCountry "ESP"]
[Source "lmi"]
[SourceDate "2014.08.05"]

1. d4 Nf6 2. c4 g6 3. Nc3 Bg7 4. e4 O-O 5. Nf3 d6 6. Be2 Bg4 7. Be3 Nfd7 8. d5
Nc5 9. Nd4 Bxe2 10. Qxe2 e5 11. Nf3 Nba6 12. h4 h6 13. h5 g5 14. g4 Qd7 15. Nh2
Na4 16. Nxa4 Qxa4 17. O-O Rfc8 18. b3 Qd7 19. Rfc1 c6 20. Nf1 Nc7 21. Ng3 c5
22. Rab1 a5 23. a3 b5 24. b4 cxb4 25. axb4 bxc4 26. Rxc4 Nb5 27. Rbc1 Rxc4 28.
Rxc4 a4 29. Bb6 Nd4 30. Bxd4 exd4 31. Nf5 a3 32. Qa2 d3 33. Rc1 Qa4 34. Nxg7
Kxg7 35. Qa1+ Kg8 36. Rc3 d2 37. Rd3 Qc2 0-1

[Event "Almansa 2014 - Torneo A"]
[Site "Almansa ESP"]
[Date "2014.08.06"]
[Round "3.2"]
[White "Sanchez Barbado, Carlos"]
[Black "Lopez Mulet, Inigo"]
[Result "1/2-1/2"]
[WhiteElo "2249"]
[BlackElo "2193"]
[PlyCount "87"]
[EventDate "2014.08.05"]
[EventType "swiss"]
[EventRounds "9"]
[EventCountry "ESP"]
[Source "lmi"]
[SourceDate "2014.08.05"]

1. e4 e6 2. d4 d5 3. Nd2 c5 4. Ngf3 cxd4 5. exd5 Qxd5 6. Bc4 Qd8 7. Nb3 Nc6 8.
Nbxd4 Nxd4 9. Qxd4 Qxd4 10. Nxd4 Bd7 11. Bd2 Nf6 12. O-O-O Bc5 13. Be1 O-O 14.
f3 Rfd8 15. Bg3 Rac8 16. Bb3 Be8 17. Be5 Nd7 18. Bg3 Nb6 19. Ne2 a5 20. a3 Kf8
21. Bh4 Rxd1+ 22. Rxd1 Nc4 23. Bxc4 Be3+ 24. Kb1 Rxc4 25. Bg3 f6 26. Rd3 Ba7
27. Rd8 e5 28. Ra8 Be3 29. Rxa5 Bg6 30. Ra8+ Ke7 31. Nc3 Bd2 32. Ra4 Rc8 33.
Ne4 Be3 34. Rb4 b6 35. Rb3 Bg1 36. Rc3 Rd8 37. Kc1 Bxe4 38. fxe4 Rd4 39. Rc7+
Kf8 40. Rc8+ Kf7 41. Rc7+ Kf8 42. Rc8+ Kf7 43. Rc7+ Kf8 44. Rc8+ 1/2-1/2

[Event "Almansa 2014 - Torneo A"]
[Site "Almansa ESP"]
[Date "2014.08.06"]
[Round "3.3"]
[White "Martinez Lopez, David"]
[Black "Mingarro Carceller, Sergi"]
[Result "1-0"]
[WhiteElo "2209"]
[BlackElo "2233"]
[PlyCount "83"]
[EventDate "2014.08.05"]
[EventType "swiss"]
[EventRounds "9"]
[EventCountry "ESP"]
[Source "lmi"]
[SourceDate "2014.08.05"]

1. e4 e6 2. d4 d5 3. Nc3 Nf6 4. Bg5 Bb4 5. exd5 Qxd5 6. Nf3 Bxc3+ 7. bxc3 Ne4
8. Bd2 Nxd2 9. Qxd2 b6 10. c4 Qd6 11. Be2 Nd7 12. O-O Bb7 13. Qe3 O-O 14. Rfd1
Rfd8 15. c3 c5 16. Nd2 e5 17. d5 f5 18. f3 Rf8 19. Bd3 Rf6 20. Re1 Raf8 21. Bc2
e4 22. f4 Rh6 23. g3 Nf6 24. Bd1 Kh8 25. a4 Re8 26. Nf3 Re7 27. Ne5 Rxe5 28.
fxe5 Qxe5 29. a5 Ne8 30. axb6 axb6 31. Be2 Rf6 32. Qf4 Qe7 33. Reb1 Bc8 34. Ra8
Bd7 35. Rb8 b5 36. cxb5 g5 37. Qxg5 f4 38. Bh5 h6 39. Qh4 fxg3 40. hxg3 Kg7 41.
Bxe8 Bxe8 42. Rb6 1-0